| 000 | 00406nam a22001217a 4500 | ||
|---|---|---|---|
| 082 | _a200 THE | ||
| 100 |
_aUmar Farooq _915376 |
||
| 245 | _aTH-SOF-1275-Design of a Multi-axis Electro-thermal Micromirror for Optical Coherence Tomography | ||
| 260 |
_aIslamabad _bNUST College of EME _c2016 |
||
| 650 |
_aMS-MTS-74 MSTHESIS _970045 |
||
| 700 |
_aSupervisor Dr. Muhamad Mubasher Saleem _970139 |
||
| 942 | _cCF | ||
| 999 |
_c577170 _d577170 |
||